Statistics for 2010s Movie Co-Stars

Click here to take the quiz!

General Stats

  • This quiz has been taken 33,437 times
    (9,211 since last reset)
  • The average score is 12 of 20

Answer Stats

YearCo-StarsMovie% Correct
2010Natalie Portman, Mila KunisBlack Swan
82%
2012Andrew Garfield, Emma StoneThe Amazing Spider-Man
81%
2018Bradley Cooper, Lady GagaA Star is Born
78%
2012Jennifer Lawrence, Josh HutchersonThe Hunger Games
78%
2010Jaden Smith, Jackie ChanThe Karate Kid
77%
2011Natalie Portman, Chris HemsworthThor
74%
2013Jonah Hill, Margot RobbieThe Wolf of Wall Street
66%
2010Jesse Eisenberg, Justin TimberlakeThe Social Network
64%
2012Daniel Craig, Javier BardemSkyfall
63%
2012Jamie Foxx, Leonardo DiCaprioDjango Unchained
62%
2010Leonardo DiCaprio, Marion CotillardInception
59%
2010Colin Firth, Geoffrey RushThe King's Speech
57%
2013George Clooney, Sandra BullockGravity
50%
2011Brad Pitt, Jonah HillMoneyball
49%
2011Rooney Mara, Daniel CraigThe Girl with the Dragon Tattoo
47%
2011Kristen Wiig, Rose ByrneBridesmaids
46%
2015Charlize Theron, Tom HardyMad Max: Fury Road
46%
2018Constance Wu, AwkwafinaCrazy Rich Asians
40%
2012Bruce Willis, Joseph Gordon-LevittLooper
40%
2014Matthew McConaughey, Matt DamonInterstellar
35%

Score Distribution

Percentile by Number Answered

Percent of People with Each Score

Your Score History

You have not taken this quiz since the last reset